000
00283nam a2200109Ia 4500
008
230320s9999||||xx |||||||||||||| ||spa||
082
_a
370.152/A74
100
_a
Armstrong, Thomas, 1898 -
245
0
_a
Las Inteligencias MĂșltiples En El Aula
260
_b
Manantial
942
_8
0
_c
LIB
999
_c
51059
_d
51059